000 00719nam a2200253Ia 4500
003 OSt
005 20220928113713.0
006 a|||||r|||| 00| 0
007 ta
008 220927b |||||||| |||| 00| 0 eng d
024 _a69897
037 _cTextual
040 _aSDCL
_cSDCL
_beng
041 _2eng
_aeng
082 _aO-,2J64:g, P5
100 _aGreenblatt Stephen
_9434573
245 0 _aGreenblatt reader.
260 _aOxford
_bBlackwell Publishing
_c2005
300 _avii,318p
_ccm.
650 _aShakespeare-Drama-Criticism
_9402796
700 _a Payne Michael Ed.
_9434574
942 _hO-,2J64:g, P5
_cTEXL
_2CC
999 _c750888
_d750888